| 000 | 00580nam a2200193 a 4500 | ||
|---|---|---|---|
| 005 | 20240924071152.0 | ||
| 008 | 991125s1956 ag 000 0 spa u | ||
| 035 | _aUPN01000005966 | ||
| 049 | _aCG | ||
| 050 | 4 |
_aPN1009 A1 _bS5.88 |
|
| 245 | 0 | 3 |
_aEl bote abierto y otros cuentos / _c[Stephen Crane ... et al.] ; tr. Josefina Zalabarda. |
| 260 |
_aBuenos Aires : _bAgora, _c1956. |
||
| 300 | _a126 p. | ||
| 440 | 0 |
_aTemas actuales ; _v11 |
|
| 650 | 4 |
_aCuentos _93090 |
|
| 650 | 4 |
_aLiteratura infantil _94445 |
|
| 700 | 1 |
_aCrane, Stephen, _d1871-1900 _ecoaut. _935478 |
|
| 905 | _aLibro | ||
| 999 |
_c5966 _d5966 |
||